| 000 | 00459nam a2200169Ia 4500 | ||
|---|---|---|---|
| 008 | 230711s9999||||xx |||||||||||||| ||und|| | ||
| 020 | _a978-0-07-049546-3 | ||
| 041 | _aENG | ||
| 082 |
_a4.35 _bQU-P |
||
| 100 | _aQuinn,Michael J | ||
| 245 | 0 | _aParallel Computing : Theory and Practice | |
| 250 | _a1st Ed. | ||
| 260 |
_c2017 _aNew Delhi _bMcGraw Hill Education(India) Private Limited |
||
| 300 | _a446p. | ||
| 650 | _aElectronics Engineering | ||
| 942 | _cBK | ||
| 999 |
_c6609 _d6609 |
||